<?xml version="1.0" encoding="UTF-8"?>
<collection xmlns="http://www.loc.gov/MARC21/slim">
 <record>
  <leader>00939pamaa2200217   4500</leader>
  <controlfield tag="001">0000020842</controlfield>
  <controlfield tag="005">20060904090000.0</controlfield>
  <datafield tag="020" ind1="0" ind2="0">
   <subfield code="a">1853311081 </subfield>
  </datafield>
  <datafield tag="090" ind1="0" ind2="0">
   <subfield code="a">PR428.F45 </subfield>
   <subfield code="b">VOI 1996</subfield>
  </datafield>
  <datafield tag="245" ind1="0" ind2="0">
   <subfield code="a">VOICING women : </subfield>
   <subfield code="b">gender and sexuality in early modern writing  </subfield>
   <subfield code="c">edited by Kate Chedgzoy, Melanie Hansen and Suzanne Trill.</subfield>
  </datafield>
  <datafield tag="260" ind1="0" ind2="0">
   <subfield code="a">Keele, Staffordshire: </subfield>
   <subfield code="b">Keele University Press, </subfield>
   <subfield code="c">1996.</subfield>
  </datafield>
  <datafield tag="300" ind1=" " ind2=" ">
   <subfield code="a">viii, 200p.; </subfield>
   <subfield code="c">25cm.</subfield>
  </datafield>
  <datafield tag="440" ind1="0" ind2="0">
   <subfield code="a">Renaissance texts and studies</subfield>
  </datafield>
  <datafield tag="650" ind1="0" ind2="0">
   <subfield code="a">English literature -- </subfield>
   <subfield code="x">History and criticism -- </subfield>
   <subfield code="y">Early modern -- </subfield>
   <subfield code="y">1500-1700 </subfield>
  </datafield>
  <datafield tag="650" ind1="0" ind2="0">
   <subfield code="a">Feminism and literature -- </subfield>
   <subfield code="x">History -- </subfield>
   <subfield code="y">16th century -- </subfield>
   <subfield code="z">Great Britain </subfield>
  </datafield>
  <datafield tag="650" ind1="0" ind2="0">
   <subfield code="a">Women and literature -- </subfield>
   <subfield code="x">History -- </subfield>
   <subfield code="y">17th century -- </subfield>
   <subfield code="z">Great Britain </subfield>
  </datafield>
  <datafield tag="650" ind1="0" ind2="0">
   <subfield code="a">Sex role in literature </subfield>
  </datafield>
  <datafield tag="650" ind1="0" ind2="0">
   <subfield code="a">English literature -- </subfield>
   <subfield code="x">Women authors -- </subfield>
   <subfield code="x">History and criticism </subfield>
  </datafield>
  <datafield tag="700" ind1="1" ind2="1">
   <subfield code="a">CHEDGZOY, </subfield>
   <subfield code="h">Kate </subfield>
  </datafield>
  <datafield tag="700" ind1="1" ind2="1">
   <subfield code="a">Hansen, </subfield>
   <subfield code="h">Melanie </subfield>
  </datafield>
  <datafield tag="700" ind1="1" ind2="1">
   <subfield code="a">Trill, </subfield>
   <subfield code="h">Suzanne </subfield>
  </datafield>
 </record>
</collection>
